The Proud Tower : A Portrait of the World Before the War : 1890-1914 /

Guardado en:
Detalles Bibliográficos
Autor principal: Tuchman, Barbara W. (autor)
Formato: Libro
Idioma:Inglés
Publicado: Londres, Inglaterra : Hamish Hamilton, 1966, c1966
Temas:
Etiquetas: Agrega una etiqueta
Sin etiquetas, Sé el primero en etiquetar este registro!

MARC

LEADER 00000nam^a2200000^a^4500
001 000283553
005 20250521000000.0
008 081111 19661966
009 20260310111640.628
025 |a Donación sin dato, 1 ejemplar 
037 |a Acervo ITESO - Biblioteca 
041 |a ING 
082 |a 909. 8  |b TUC 
100 |a Tuchman, Barbara W.  |e (autor) 
245 1 4 |a The Proud Tower :  |b A Portrait of the World Before the War : 1890-1914 /  |c B.W. Tuchman. 
264 4 |a Londres, Inglaterra :  |b Hamish Hamilton,  |c 1966, c1966 
300 |a XV, 528 p. 
336 |a texto  |b txt  |2 rdacontenido 
337 |a sin mediación  |b n  |2 rdamedio 
338 |a volumen  |b nc  |2 rdasoporte 
649 |a XX 
650 |a Europa -  |x Historia -  |y 1871-1918 -  |x Tema Principal 
650 |a EUA -  |x Historia -  |y 1890-1899 -  |x Tema Principal 
650 |a Historia Moderna -  |y 1890-1899 
650 |a Historia Moderna -  |y Siglo XIX 
650 |a Historia Moderna -  |y 1900-1909 
650 |a Historia Moderna -  |y 1910-1919 
650 |a Historia Moderna -  |y Siglo XX 
910 |a Fondo General 
920 |a Impresos - Libros 
930 |a Colección General 
905 |a 101 
901 |a 0500169877  |b IT1  |c ACC  |i D  |u 20250521 
902 |a https://opac.biblio.iteso.mx/vufind/Record/000283553